[Event "C'Chartres Blitz op April"]
[Site "Europe Echecs INT"]
[Date "2021.04.10"]
[Round "4"]
[White "Haussernot, Cecile"]
[Black "Taoulilit, Messaoud"]
[Result "1-0"]
[WhiteElo "2171"]
[BlackElo "1813"]
[PlyCount "57"]
[EventDate "2021.04.10"]
[EventType "swiss (blitz)"]
[EventRounds "11"]
[EventCountry "FRA"]
[SourceTitle "CBM 201 Extra"]
[Source "ChessBase"]
[SourceDate "2021.05.31"]
[SourceVersion "1"]
[SourceVersionDate "2021.05.31"]
[SourceQuality "1"]

1. e4 e5 2. Nf3 Nc6 3. Bb5 a6 4. Ba4 Nf6 5. 0-0 Be7 6. Re1 b5 7. Bb3 0-0 8. d3 d6 9. h3 Nb8 10. a4 Bb7 11. c3 Nbd7 12. Nbd2 Nc5 13. Bc2 bxa4 14. d4 Nb3 15. Rxa4 Nxc1 16. Qxc1 exd4 17. cxd4 Re8 18. e5 dxe5 19. dxe5 Nd5 20. Rg4 g6 21. Ne4 Bc8 22. Rg3 Nb4 23. Bb3 Nd3 24. Qh6 Nxe1 25. Rxg6+ hxg6 26. Qxg6+ Kh8 27. Qh5+ Kg8 28. Nfg5 Bxg5 29. Nxg5 1-0

[Event "C'Chartres Blitz op April"]
[Site "Europe Echecs INT"]
[Date "2021.04.10"]
[Round "2"]
[White "Taoulilit, Messaoud"]
[Black "Cotonnec, Melkior"]
[Result "0-1"]
[WhiteElo "1813"]
[BlackElo "2294"]
[PlyCount "46"]
[EventDate "2021.04.10"]
[EventType "swiss (blitz)"]
[EventRounds "11"]
[EventCountry "FRA"]
[SourceTitle "CBM 201 Extra"]
[Source "ChessBase"]
[SourceDate "2021.05.31"]
[SourceVersion "1"]
[SourceVersionDate "2021.05.31"]
[SourceQuality "1"]

1. e4 c5 2. Nf3 d6 3. d4 cxd4 4. Nxd4 Nf6 5. Nc3 a6 6. Be3 e5 7. Nb3 Be6 8. Qd2 Nbd7 9. f3 h5 10. 0-0-0 Qc7 11. h3 Rc8 12. Kb1 b5 13. Be2 Nb6 14. g4 hxg4 15. hxg4 Rxh1 16. Rxh1 Na4 17. Nd5 Bxd5 18. exd5 Nxd5 19. c3 Nxe3 20. Qxe3 Qb6 21. Qg5 Qf2 22. Qf5 Rd8 23. Bd3 Qxb2# 0-1

[Event "C'Chartres Blitz op April"]
[Site "Europe Echecs INT"]
[Date "2021.04.10"]
[Round "11"]
[White "Taoulilit, Messaoud"]
[Black "Hucault, Christophe"]
[Result "0-1"]
[WhiteElo "1813"]
[BlackElo "1612"]
[PlyCount "48"]
[EventDate "2021.04.10"]
[EventType "swiss (blitz)"]
[EventRounds "11"]
[EventCountry "FRA"]
[SourceTitle "CBM 201 Extra"]
[Source "ChessBase"]
[SourceDate "2021.05.31"]
[SourceVersion "1"]
[SourceVersionDate "2021.05.31"]
[SourceQuality "1"]

1. e4 c5 2. Nf3 e6 3. d4 cxd4 4. Nxd4 Nf6 5. Nc3 Nc6 6. Be3 Bb4 7. f3 d5 8. Nxc6 bxc6 9. e5 Nd7 10. f4 c5 11. a3 Ba5 12. b4 cxb4 13. axb4 Bxb4 14. Qd3 a5 15. Be2 Ba6 16. Qd2 Bxe2 17. Kxe2 Qc7 18. Bd4 0-0 19. Qd3 Bxc3 20. Bxc3 Rfc8 21. Ra3 Nc5 22. Qg3 Ne4 23. Qd3 Nxc3+ 24. Kf3 Ne4 0-1